01746nam a22003735a 4500001001000000003000400010005001700014008004100031020001800072040002800090082002100118245009100139246002100230250001300251260003700264300004100301500002400342504004200366590000900408650003600417651001000453653004600463655002100509700004400530700004100574541002500615942002500640999001700665952015400682952015300836952012900989952011901118952013501237015894638OSt20150823145129.0110913r20121960paua frb 001 0 eng d a9780323081085 aEG-ScBUEbengcEG-ScBUE04a617.695bCRA22200aCraig's restorative dental materials /cedited by Ronald L. Sakaguchi, John M. Powers.30aDental materials a13th ed. aPhiladelphia :bElsevier,c2012. axvi, 400 p. :bill. (col.) ;c26 cm. aIndex : p. 389-400. aIncludes bibliographical references.  aDoha 0aDental materials.9301552BUEsh 2BUEsh cJune2012cJanuary2013cJanuary2014bDDent vtext book9337281 aPowers, John M.,930159d1946-eeditor.1 aSakaguchi, Ronald L.930162eeditor. aDonation from Baccah 2ddccDNk617.695 CRA c16775d16775 00102ddc40708Donation-GaMAINbMAINc1STd2012-06-18eDonationg360.00h15307l1m12o617.695 CRAp000026843r2025-07-15 00:00:00s2017-03-20yBB 00102ddc40708Donation-GaMAINbMAINc1STd2012-06-18eDonationg360.00h15307l3m8o617.695 CRAp000026844r2025-07-15 00:00:00s2017-03-20yBB 00102ddc40708 aMAINbMAINc1STd2013-01-29epurchaseg360.00h02516l0o617.695 CRAp000027920r2025-07-15 00:00:00yBB 00102ddc40708BaccahaMAINbMAINc1STd2014-01-12epurchasel0o617.695 CRAp000035322r2025-07-15 00:00:00yNB 00102ddc40708BaccahaMAINbMAINc1STd2014-01-12epurchasel1m14o617.695 CRAp000035323r2025-07-15 00:00:00s2017-04-02yBB